Top 10 Sugar Producing Countries in the World - Statistics

General Stats
  • This quiz has been taken 161 times
  • The average score is 8 of 10
Answer Stats
Rank Production (Tons) Answer % Correct
1 455,291 Brazil
96%
3 100,684 China
95%
2 281,170 India
94%
10 26,835 USA
93%
4 50,597 Mexico
87%
9 30,150 Indonesia
84%
7 39,849 Colombia
73%
5 47,658 Thailand
59%
8 38,169 Australia
53%
6 44,666 Pakistan
52%
No matching quizzes found
Score Distribution
Percent of People with Each Score
Percentile by Number Answered
Your Score History
You have not taken this quiz